000 01376nam a2200253 i 4500
005 20221206120029.0
008 221123s2022 enka e 000 1 eng d
020 _a9781474979061
_cRM 44.90
_qpaperback
040 _aPPAK
_beng
_cPPAK
_erda
082 0 4 _223
_a823.92
090 0 0 _a823.92
_bAND
_dK
100 1 _aAnderson, Sophie,
_eauthor.
245 1 4 _aThe Thief who Sang Storms /
_cSOPHIE ANDERSON ; ILLUSTRATED BY JOANNA LISOWIEC
264 1 _aLondon :
_bUsborne Publishing Ltd.,
_c2022
300 _a410 pages :
_billustrations ;
_c20 cm
336 _atext
_2rdacontent
337 _aunmediated
_2rdamedia
338 _avolume
_2rdacarrier
520 _a"Linnet wishes she could sing magic. But magic is forbidden and she has been banished with her father to the Mournful Swamp. She misses her old life, and dreams of reuniting with her friends. When her father is captured for taking a precious jewel, Linnet must set out on a treacherous journey. Travelling through alligator pools and sinking sands with new friends, she learns how to be brave, and discovers something even more powerful than singing magic. Something that could save her father, and heal the broken heart of her island once more" ---provided by publisher
650 1 0 _aFathers and daughters
_vFiction
650 2 0 _aFantasy fiction.
700 1 _aLisowiec, Joanna,
_eillustrator.
942 _2ddc
_cB
999 _c190163
_d190163